| 000 | 00545nam a2200181Ia 4500 | ||
|---|---|---|---|
| 005 | 20250508152932.0 | ||
| 008 | 008 250505s9999 xx 000 0 eng d | ||
| 037 | _aTextual | ||
| 040 |
_aFEDL _beng _cFEDL |
||
| 041 |
_aeng _2eng |
||
| 084 |
_a321.40954, CHA _qFEDL |
||
| 100 |
_aChakrabarti Atulananda _9509542 |
||
| 245 | 0 | _aNehru : His democracy and India | |
| 260 |
_aCalcutta, India _bThacker's Press and Directories Limited _c1961 |
||
| 300 | _a437p. | ||
| 942 |
_cTEXL _h321.40954, CHA |
||
| 999 |
_c1339685 _d1339685 |
||